Clonové kotouče. STN 25 7757 : Pro Js 400 až Js 10. Účinnost: 1.4.1960

Uložené v:
Podrobná bibliografia
Médium: Kniha
Jazyk:Czech
Vydavateľské údaje: Praha : Úřad pro normalizaci, [1959]
Predmet:
Tagy: Pridať tag
Žiadne tagy, Buďte prvý, kto otaguje tento záznam!

MARC

LEADER 00000nam a22000003a 4500
001 stu79482
005 20150408175421.9
008 030305s1959----cs------------------cze-d
040 |a STU  |b slo 
041 0 |a cze 
044 |a cs 
080 |a 621.646.2  |7 stu_us_auth*stu8507 
245 |a Clonové kotouče. STN 25 7757 :  |b Pro Js 400 až Js 10. Účinnost: 1.4.1960 
260 |a Praha :  |b Úřad pro normalizaci,  |c [1959] 
300 |a 4 s 
650 7 |a kotúče clonové  |2 stusub 
996 |b 284M039367  |c M*N-769-1  |l MMKN  |s A  |a 24  |w stu79482_0001